| 000 | 00411nam a2200157Ia 4500 | ||
|---|---|---|---|
| 008 | 241014s9999||||xx |||||||||||||| ||und|| | ||
| 020 | _a0-7817-3839-3 | ||
| 060 | _aWO 102 O 2002 | ||
| 100 | _aJ. Patrick O'Leary, Lea Rhea Capote | ||
| 245 | 4 | _aThe Physiologic Basis of Surgery. | |
| 250 | _a3rd | ||
| 260 |
_bLippincott Williams and Wilkins _c2002 |
||
| 300 | _a765 | ||
| 650 | _aSurgery | ||
| 942 |
_bDIMC _cBK |
||
| 999 |
_c9482 _d9482 |
||